000 00478nam a2200193Ia 4500
005 20250603144952.0
008 250603s9999 xx 000 0 und d
020 _a9781442277915
050 _aJZ 1253 .H83/
100 _aHudson, Valerie M.
245 0 _aForeign policy analysis: classic and contemporary theory
250 _a3rd ed.
260 _aMaryland
260 _bROWMAN & LITTLEFIELD
260 _c2020
300 _a257 p
650 _aMaryland
942 _cBK
999 _c40487
_d40487